Statistics for Bordering Countries with the Biggest Difference in Name Length

Click here to take the quiz!

General Stats

  • This quiz has been taken 75 times
    (52 since last reset)
  • The average score is 51 of 70

Answer Stats

Answer % Correct
Dem. Rep. of the Congo
95%
United States
93%
China
91%
Chad
91%
Rep. of the Congo
88%
Mali
88%
Mexico
88%
Canada
88%
Angola
86%
Niger
84%
Uganda
84%
Rwanda
84%
Sudan
81%
Kazakhstan
81%
Afghanistan
81%
Central African Republic
81%
Mauritania
81%
United Kingdom
79%
France
79%
Switzerland
79%
South Sudan
79%
Tajikistan
77%
Iran
77%
Ireland
77%
Saudi Arabia
77%
Turkmenistan
77%
Kyrgyzstan
77%
India
77%
Equatorial Guinea
77%
Togo
77%
Kenya
77%
Germany
77%
Gabon
74%
Oman
74%
Italy
74%
Burkina Faso
74%
United Arab Emirates
74%
Liechtenstein
74%
Yemen
72%
North Korea
72%
Guinea
72%
Benin
72%
Zambia
72%
Austria
72%
Iraq
70%
Haiti
70%
Guinea-Bissau
70%
Burundi
70%
Cameroon
70%
Indonesia
70%
Qatar
70%
Tanzania
67%
Bangladesh
67%
Ghana
67%
Dominican Republic
65%
Czech Republic
63%
Kuwait
60%
Bosnia and Herzegovina
60%
Cote d'Ivoire
60%
Serbia
58%
Papua New Guinea
58%
Croatia
58%
Sierra Leone
56%
Poland
56%
Slovakia
56%
Montenegro
53%
Senegal
53%
Azerbaijan
53%
Vatican City
51%
Jordan
47%

Score Distribution

Percentile by Number Answered

Percent of People with Each Score

Your Score History

You have not taken this quiz since the last reset